Music Quiz

Random Music or Artist Quiz

Lyrics quiz Stats

 Plays Quiz not verified by Sporcle

Score 0/199 Timer 10:00
0 Plays Today
% Correct
the
93.2%
the
93.2%
And
93.2%
the
93.2%
and
93.2%
and
93.2%
the
93.2%
a
93.2%
and
93.2%
the
93.2%
the
93.2%
the
93.2%
the
93.2%
the
93.2%
the
93.2%
the
93.2%
and
93.2%
And
93.2%
the
93.2%
I...
87.8%
I
87.8%
I
87.8%
...'s
87.8%
I
87.8%
...'s
87.8%
I
87.8%
I
87.8%
I
87.8%
We
75.7%
We
75.7%
we
75.7%
we
75.7%
we
75.7%
We
75.7%
No
74.3%
you.
74.3%
you
74.3%
You
74.3%
You
74.3%
you
74.3%
you
74.3%
no
74.3%
be
74.3%
you,
74.3%
be
74.3%
it...
71.6%
it
71.6%
to
71.6%
to
71.6%
to
71.6%
to
71.6%
it
71.6%
it,
71.6%
to
71.6%
it.
71.6%
to
71.6%
to
71.6%
an
64.9%
...n't
62.2%
...n't
62.2%
...n't
62.2%
my
60.8%
in
60.8%
in
60.8%
in
60.8%
in
60.8%
...'ve
56.8%
% Correct
of
56.8%
did...
55.4%
did...
55.4%
did...
55.4%
star.
52.7%
star.
52.7%
life.
51.4%
time
50%
your
50%
your
50%
had
48.6%
all
47.3%
never
45.9%
but
45.9%
this
44.6%
Elton John
44.6%
way
43.2%
is
43.2%
before.
41.9%
Candle In The Wind
41.9%
fire,
41.9%
was
41.9%
fire,
41.9%
Goodbye
40.5%
start
40.5%
start
40.5%
felt
39.2%
am
39.2%
am
39.2%
am
39.2%
world...
37.8%
Now
36.5%
Yes
36.5%
were
36.5%
where
36.5%
were
36.5%
Now
36.5%
now
36.5%
owe
35.1%
always
35.1%
truth.
33.8%
Billy Joel
33.8%
We Didn't Start The Fire
33.8%
been
33.8%
swear
32.4%
(I've Had) The Time Of My Life
32.4%
that
31.1%
since
29.7%
burning
28.4%
turning.
28.4%
radio
28.4%
radio
28.4%
ever
27%
Video
27%
killed
27%
Video
27%
killed
27%
hear
27%
light
25.7%
tried
23%
fight
23%
rose.
21.6%
England's
20.3%
our
20.3%
out
20.3%
our
20.3%
out
20.3%
% Correct
(I Am) Sailing
20.3%
sailing,
20.3%
sailing
20.3%
sailing
20.3%
near
20.3%
sea.
18.9%
Video Killed The Radio Star
18.9%
free.
16.2%
those
14.9%
heart
14.9%
May
13.5%
grace
13.5%
Kennedy,
13.5%
Belgians
13.5%
Congo.
13.5%
'cross
12.2%
The Buggles
12.2%
came
12.2%
hearts.
10.8%
Space
10.8%
lives
9.5%
name.
9.5%
Ben
9.5%
Hur,
9.5%
monkey,
9.5%
Castro,
9.5%
Edsel
9.5%
Mafia,
9.5%
'no-go'.
9.5%
U-2,
9.5%
Psycho,
9.5%
home
9.5%
waters
9.5%
grow
8.1%
Buddy
8.1%
Holly,
8.1%
Payola
8.1%
Chubby
8.1%
Checker,
8.1%
Roderick David Stewart
8.1%
again,
8.1%
stormy
8.1%
Bill Medley & Jennifer Warnes
6.8%
placed
6.8%
whispered
6.8%
pain.
6.8%
heaven
6.8%
Hula
6.8%
Hoops,
6.8%
called
5.4%
Rhee,
5.4%
itself,
4.1%
torn
4.1%
apart.
4.1%
country
4.1%
belong
4.1%
Pictures
4.1%
broke
4.1%
meet
4.1%
stars
2.7%
spell
2.7%
abandoned
2.7%
studio.
2.7%
playback [...] [2nd stanza isn't complete]
2.7%
Syngman
1.4%

You're not logged in!

Compare scores with friends on all Sporcle quizzes.
OR
Log In

Show Comments

Extras

Top Quizzes Today


Score Distribution

Your Account Isn't Verified!

In order to create a playlist on Sporcle, you need to verify the email address you used during registration. Go to your Sporcle Settings to finish the process.

Report this User

Report this user for behavior that violates our Community Guidelines.

Details: